| 000 | 00415nam a2200133Ia 4500 | ||
|---|---|---|---|
| 008 | 191014s9999 xx 000 0 und d | ||
| 020 | _a981-02-3747-2 | ||
| 082 |
_a539.7548 _bAST |
||
| 100 |
_aA Astbury, B A Campbell, F C Khanna, J L Pinfold, M Vetterli _920553 |
||
| 245 | 0 | _aProceedings of the Thirteenth lake Louise Winter Institute Quantum Chromodynamics | |
| 260 | _c1999 | ||
| 300 | _aX,503 | ||
| 942 | _cBK | ||
| 999 |
_c531145 _d531145 |
||